Ôn luyện toán cao cấp

Trình bày lý thuyết, kèm theo các bài tập tương ứng và hướng dẫn cách giải đại số và hình giải tích, phép tính vi phân, tích phân, chuỗi số, chuỗi hàm và chuỗi luỹ thừa, phương trình vi phân trong toán cao cấp

שמור ב:
מידע ביבליוגרפי
מחבר ראשי: Lê Đình Định
פורמט: ספר
שפה:Vietnamese
יצא לאור: H. Giáo dục 2011
נושאים:
תגים: הוספת תג
אין תגיות, היה/י הראשונ/ה לתייג את הרשומה!
Thư viện lưu trữ: Mạng thư viện Đại học Đà Nẵng
LEADER 01447aam a22003618a 4500
001 000016432
003 12834
005 20121102091109.0
008 121102s2011 viesd
020 |c 54000đ  |d 1500b 
041 0 |a vie 
082 1 4 |2 14  |a 515.076  |b LÊ-Đ 
100 1 |a Lê Đình Định 
245 1 0 |a Ôn luyện toán cao cấp  |c Lê Đình Định 
260 |a H.  |b Giáo dục  |c 2011 
300 |a 327tr.  |b hình vẽ  |c 24cm 
504 |a Thư mục: tr. 327 
520 |a Trình bày lý thuyết, kèm theo các bài tập tương ứng và hướng dẫn cách giải đại số và hình giải tích, phép tính vi phân, tích phân, chuỗi số, chuỗi hàm và chuỗi luỹ thừa, phương trình vi phân trong toán cao cấp 
650 7 |2 Bộ TK TVQG  |a Toán cao cấp 
650 7 |2 Bộ TK TVQG  |a Hình học giải tích 
650 7 |2 Bộ TK TVQG  |a Đại số 
650 7 |2 Bộ TK TVQG  |a Giải tích 
650 7 |2 Bộ TK TVQG  |a Giáo trình 
OWN |a LSP 
AVA |a UDN50  |b LSP  |d 515.076 LÊ-Đ  |e check_holdings  |t Error 5003 Not defined in file expand_doc_bib_avail.  |h N  |k 1 
999 |a From the UDN01 
AVA |a UDN50  |b LSP  |d 515.076 LÊ-Đ  |e available  |t Error 5001 Not defined in file expand_doc_bib_avail.  |f 20  |g 9  |h N  |i 19  |k 1 
TYP |a Monograph 
TYP |a Printed language 
980 |a Mạng thư viện Đại học Đà Nẵng